Countries whose people travel the most - Statistics

General Stats
  • This quiz has been taken 115 times
  • The average score is 7 of 9
Answer Stats
Avge trip per person per year Answer % Correct
6.7 USA
94%
4.1 Canada
90%
3.8 Australia
82%
3.5 France
82%
5.3 Denmark
73%
6 Sweden
73%
5.2 Norway
72%
7.5 Finland
70%
4.3 New Zealand
66%
No matching quizzes found
Score Distribution
Percent of People with Each Score
Percentile by Number Answered
Your Score History
You have not taken this quiz